ბათუმის შოთა რუსთაველის სახელმწიფო უნივერსიტეტის ბიბლიოთეკა

რჩეული თხზულებანი 4 ტომად. ტ.3 (ბიბ.ჩანაწერი № 48395)

000 -LEADER
fixed length control field 00772nam a2200217Ia 4500
001 - CONTROL NUMBER
control field 15286
003 - CONTROL NUMBER IDENTIFIER
control field GE_BSU
008 - FIXED-LENGTH DATA ELEMENTS--GENERAL INFORMATION
fixed length control field 181216s||||||||xx |||||||||||||| ||und||
040 ## - CATALOGING SOURCE
Transcribing agency GE_BSU
080 ## - UNIVERSAL DECIMAL CLASSIFICATION NUMBER
Universal Decimal Classification number 821.353.1+821.353.1-1
100 ## - MAIN ENTRY--PERSONAL NAME
Personal name შანშიაშვილი, სანდრო
245 ## - TITLE STATEMENT
Title რჩეული თხზულებანი 4 ტომად. ტ.3
245 ## - TITLE STATEMENT
Remainder of title ლექსები, ბალადები, პოემები
260 ## - PUBLICATION, DISTRIBUTION, ETC.
Place of publication, distribution, etc. თბილისი
260 ## - PUBLICATION, DISTRIBUTION, ETC.
Name of publisher, distributor, etc. საბჭოთა საქართველო
260 ## - PUBLICATION, DISTRIBUTION, ETC.
Date of publication, distribution, etc. 1963
300 ## - PHYSICAL DESCRIPTION
Extent 363გვ.23სმ.
653 ## - INDEX TERM--UNCONTROLLED
Uncontrolled term ლექსები, ბალადები, პოემები
653 ## - INDEX TERM--UNCONTROLLED
Uncontrolled term მოთხრობები.
942 ## - ADDED ENTRY ELEMENTS (KOHA)
Koha item type წიგნი
ეგზემპლარები
Withdrawn status Lost status Damaged status Not for loan Date acquired Barcode Date last seen Price effective from Koha item type
        2018-12-17 38049 2018-12-17 2018-12-17 წიგნი
        2018-12-17 38050 2018-12-17 2018-12-17 წიგნი
        2018-12-17 38051 2018-12-17 2018-12-17 წიგნი